000 01317nam0a22002891 4500
001 v19\rc\1938529
005 20260607065239.0
035 _a(NLR Aleph) 005266933
090 _a5958964
_c5958964
100 _a20080404d1912 |||y0rusy50 ca
101 0 _arus
102 _aRU
105 _aa z |||a|
200 1 _aНа радость царевичу
_eрассказ из детской жизни императора Петра Великого Л.А. Чарской
_fс рис. Е. Лебедевой
210 _aС.-Петербург
_aМосква
_cиздание Т-ва М.О. Вольф
_d1912
_eСанкт-Петербург
215 _a18 с.
_cфронт. (ил.)
_d20
300 _aНа тит. л. и авантит.: ТМОВ, 1853-1883
700 1 _8rus
_7ca
_aЧарская
_bЛ. А.
_f1875-1937
_gЛидия Алексеевна
_3RU\NLR\AUTH\7729845
_912873
702 1 _4440
_7ca
_8rus
_aЛебедева
_bЕ.
_cхудожник
_f19-20 в.
_981664
_3RU\NLR\AUTH\7798738
702 0 _4570
_7ca
_8rus
_aПетр
_cимператор российский
_dI
_f1672-1725
_9118743
_3RU\NLR\AUTH\778862
801 0 _aRU
_bNLR
_c20080404
_gpsbo
801 1 _aRU
_bProSoft-M
_c20080404
_2rusmarc
801 2 _aRU
_bNLR
_c20110127
_2rusmarc
852 _aNLR
_j20.40.9.721
942 _cBOOK
980 _aNB